Desperate Housewives - Actors - Statistics

General Stats
  • This quiz has been taken 44 times
  • The average score is 9 of 49
Answer Stats
Picture Hint Answer % Correct
Gabrielle Solis Eva Longoria
95%
Brie Van De Kamp Marcia Cross
77%
Susan (Mayer) Delfino Teri Hatcher
72%
Lynette Scavo Felicity Huffman
70%
Mike Delfino James Denton
49%
Eddie Brit Nicollette Sheridan
47%
Mary-Alice Young Brenda Strong
37%
Renee Perry Vanessa Lynn Williams
35%
Julie Mayer Andrea Bowen
33%
Tom Scavo Doug Savant
33%
Katherine Mayfair Dana Delany
30%
Orson Hodge Kyle MacLachlan
21%
Carlos Solis Ricardo Antonio Chavira
19%
Juanita Solis Madison de la Garza
16%
Angie Bolen Drea de Matteo
14%
John Rowland Jesse Metcalfe
14%
teenage Porter and Preston Scavo Max and Charlie Carver
14%
Zach Young Cody Kasch
12%
Paul Young Mark Moses
12%
Karl Mayer Richard Burgi
12%
Betty Applewhite Alfre Woodard
9%
young Porter and Preston Scavo Brent and Shane Kinsman
9%
Danielle Van De Kamp Joy Lauren
9%
Karen McCluskey Kathryn Joosten
9%
Ana Solis Maiara Walsh
9%
Andrew Van De Kamp Shawn Pyfrom
9%
Teenage Penny Scavo Darcy Rose Byrnes
7%
Chuck Vance Jonathan Cake
7%
Dave Williams Neal McDonough
7%
Rex Van De Camp Steven Culp
7%
Young Parker Scavo Zane Huett
7%
Danny Bolen Beau Mirchoff
5%
Ben Fualkner Charles Mesure
5%
Martha Tilman Christine Estabrook
5%
Celia Solis Daniella Baltodano
5%
Ian Hainsworth Dougray Scott
5%
Felicia Tilman Harriet Sansom Harris
5%
Austin McCann Josh Henderson
5%
Teenage Parker Scavo Joshua Logan Moore
5%
Young Penny Scavo Kendall Applegate
5%
Lee McDermott Kevin Rahm
5%
Nora Huntington Kiersten Warren
5%
Dylan Mayfair Lyndsy Fonseca
5%
Maynard James (MJ) Delfino Mason Vale Cotton
5%
Matthew Applewhite Mehcad Brooks
5%
Caleb Applewhite Nashawn Kearse
5%
Kayla Huntington Rachel G.Fox
5%
George Williams Roger Bart
5%
Bob Hunter Tuc Watkins
5%
No matching quizzes found
Score Distribution
Percent of People with Each Score
Percentile by Number Answered
Your Score History
You have not taken this quiz